The coal fields of Kittitas county, (Record no. 25603)

MARC details
000 -LEADER
fixed length control field 00774cam a22002411 4500
001 - CONTROL NUMBER
control field gs 15000887
003 - CONTROL NUMBER IDENTIFIER
control field DLC
005 - DATE AND TIME OF LATEST TRANSACTION
control field 20260227111318.0
008 - FIXED-LENGTH DATA ELEMENTS--GENERAL INFORMATION
fixed length control field 781013s1914 wauab s000 0 eng
010 ## - LIBRARY OF CONGRESS CONTROL NUMBER
LC control number gs 15000887
035 ## - SYSTEM CONTROL NUMBER
System control number (OCoLC)4292913
040 ## - CATALOGING SOURCE
Original cataloging agency DLC
Transcribing agency UU
Modifying agency OCoLC
-- DLC
042 ## - AUTHENTICATION CODE
Authentication code premarc
050 00 - LIBRARY OF CONGRESS CALL NUMBER
Classification number QE175
Item number .A3 no. 9
051 ## - LIBRARY OF CONGRESS COPY, ISSUE, OFFPRINT STATEMENT
Classification number TN805.W2
Item number S3
Copy information Copy 2.
100 1# - MAIN ENTRY--PERSONAL NAME
Personal name Saunders, Edwin J.
245 14 - TITLE STATEMENT
Title The coal fields of Kittitas county,
Statement of responsibility, etc. by Edwin J. Saunders.
260 ## - PUBLICATION, DISTRIBUTION, ETC.
Place of publication, distribution, etc. Olympia,
Name of publisher, distributor, etc. F. M. Lamborn, public printer,
Date of publication, distribution, etc. 1914.
300 ## - PHYSICAL DESCRIPTION
Extent 204p.
Other physical details incl. illus.,plans,diagrs.fold. maps(2 in pocket)
Dimensions 23 cm.
490 0# - SERIES STATEMENT
Series statement Washington. Geological survey. Bulletin
Volume/sequential designation no. 9
650 #0 - SUBJECT ADDED ENTRY--TOPICAL TERM
Topical term or geographic name entry element Coal
Geographic subdivision Washington (State)
650 #0 - SUBJECT ADDED ENTRY--TOPICAL TERM
Topical term or geographic name entry element Geology
Geographic subdivision Washington (State)

No items available.

Powered by Koha